Biggest Cities by Elevation - Statistics

General Stats
  • This quiz has been taken 35 times
  • The average score is 21 of 48
Answer Stats
Elevation Population City Country % Correct
2500 to 2599 8m Bogota Colombia
93%
200 to 299 11m Delhi India
90%
3700 to 3799 2m La Paz Bolivia
90%
100 to 199 10m Moscow Russia
90%
2400 to 2499 3m Addis Ababa Ethiopia
87%
1700 to 1799 6m Johannesburg South Africa
87%
1600 to 1699 3m Nairobi Kenya
87%
1200 to 1299 1m Kathmandu Nepal
83%
2200 to 2299 12m Mexico City Mexico
83%
2800 to 2899 3m Quito Ecuador
83%
600 to 699 4m Riyadh Saudi Arabia
83%
0 to 99 22m Shanghai China
83%
1100 to 1199 7m Tehran Iran
83%
-99 to 0 1m Baku Azerbaijan
80%
700 to 799 12m São Paulo Brazil
80%
400 to 499 14m Chengdu China
77%
500 to 499 7m Hyderabad India
77%
800 to 899 4m Ankara Turkey
73%
3300 to 3399 428k Cusco Peru
73%
1400 to 1499 2m Harare Zimbabwe
73%
900 to 999 8m Bengaluru India
67%
2100 to 2199 2m Puebla Mexico
67%
3600 to 3699 119k Lhasa China
53%
1800 to 1899 4m Kunming China
37%
300 to 399 2m Nagpur India
30%
2600 to 2699 489k Toluca Mexico
30%
-299 to -200 20k Jericho Palestine
20%
1500 to 1599 3m Lanzhou China
20%
1000 to 1099 3m Guiyang China
17%
3200 to 3299 456k Huancayo Peru
13%
5000 to 5099 30k La Rinconada Peru
13%
-199 to -100 45k Tiberias Israel
13%
3800 to 3899 246k Juliaca Peru
10%
3900 to 3999 209k Oruro Bolivia
10%
2000 to 2099 476k Eldoret Kenya*
7%
3500 to 3599 37k Leh India
7%
4300 to 4399 59k Cerro de Pasco Peru
3%
2300 to 2399 2m Ecatepec de Morelos Mexico
3%
3000 to 3099 119k Huaraz Peru
3%
2700 to 2799 264k Riobamba Ecuador
3%
-399 to -300 15k Gawr as-Safi Jordan
0%
4100 to 4199 15k Junin Peru
0%
3100 to 3199 19k Mang'aizhen China
0%
4500 to 4599 30k Nagqu China
0%
1300 to 1399 2m Ordos China
0%
2900 to 2999 86k Tulcan Ecuador
0%
3400 to 3499 30k Villazon Bolivia*
0%
1900 to 1999 788k Zhaotong China
0%
No matching quizzes found
Score Distribution
Percent of People with Each Score
Percentile by Number Answered
Your Score History
You have not taken this quiz